000 00938nam0a22002291i 4500
001 rc\4639263
005 20240726021217.0
021 _aRU
_b[66-21005]
035 _a(NLR Aleph) 008407961
090 _a9278079
_c9278079
100 _a20130416d1966 |||y0rusy50 ca
101 0 _arus
102 _aRU
105 _ay di |||||
200 1 _aСтатистическое изучение причин текучести рабочей силы
_e(По материалам пром-сти Сред.-Волж. экон. района)
_eАвтореферат дис. на соискание учен. степени канд. экон. наук
_fМоск. ин-т нар. хоз-ва им. Г.В. Плеханова. Кафедра статистики
210 _aМосква
_d1966
215 _a14 с.
700 1 _aСлоущ
_bЭ.М.
801 0 _aRU
_bNLR
_gpsbo
801 1 _aRU
_bELAR
_2rusmarc
852 _aNLR
_j66-6/4663
942 _cBOOK